000 00666nam a2200217 i 4500
001 88368
003 ES-MaACL
005 20230906175840.0
007 t|
008 050104s1977 sp ||||1| spa d
100 1 _aLaing, Ronald David.
_969695
245 1 3 _aLa política de la experiencia
_b: ; El ave del paraíso /
_cRonald D. Laing ; traducción de Silvia Furió.
260 _aBarcelona :
_bGrijalbo,
_c[1977]
300 _a165 p. ;
_c20 cm.
490 1 _aEstudios y ensayos
700 1 _aFurió, Silvia.
_953039
740 3 _aEl ave del paraíso.
830 0 _aEstudios y ensayos
_9181863
852 _aES-MaACL
_jA-7438
_bR.96554
999 _c88368
_d88368